10 Größte Länder nach Fläche - Whammies - Statistiken

Allgemein
  • Dieses Quiz wurde 92 mal gespielt
  • Das Durchschnittsergebnis liegt bei 9 aus 10
Antwortstatistiken
km² Land % Korrekt
17,098,242 Russland
100%
9,984,670 Kanada
99%
9,640,821 China
98%
9,526,468 Vereinigte Staaten
96%
8,514,877 Brasilien
93%
7,692,024 Australien
88%
3,287,590 Indien
87%
2,724,900 Kasachstan
85%
2,381,741 Algerien
81%
2,780,400 Argentinien
80%
Keine übereinstimmenden Quizze gefunden
Verteilung der Resultate
Anzahl Personen mit jedem Resultat
Perzentil nach korrekt beantworteten Fragen
Ihre Resultats-Entwicklung
Sie haben dieses Quiz noch nicht gespielt